The Islamic bomb : the nuclear threat to Israel and the Middle East /

Bibliographic Details
Main Author: Weissman, Steve
Other Authors: Krosney, Herbert
Format: Book
Language:English
Published: New York, N.Y. : Times Books, [1981]
Subjects:

MARC

Tag First Indicator Second Indicator Subfields
LEADER 00000cam a22000008a 4500
001 in00000080701
005 20151008054043.0
008 811013s1981 nyu 00110 eng
010 |a  81018261  
020 |a 081290978X 
035 |a (OCoLC)07924008 
035 |9 AAH9478AM 
039 0 |a 2  |b 3  |c 3  |d 3  |e 3 
040 |a DLC  |c DLC  |d TXA  |d UtOrBLW 
043 |a aw----- 
049 |a TXAM  |c [800591] 
050 0 0 |a UA830  |b .W46 1981 
082 0 |a 355/.0217/0956  |2 19 
100 1 |a Weissman, Steve. 
245 1 4 |a The Islamic bomb :  |b the nuclear threat to Israel and the Middle East /  |c Steve Weissman, Herbert Krosney. 
263 |a 8111 
264 1 |a New York, N.Y. :  |b Times Books,  |c [1981] 
264 4 |c ©1981 
300 |a viii, 339 pages ;  |c 24 cm. 
336 |a text  |b txt  |2 rdacontent 
337 |a unmediated  |b n  |2 rdamedia 
338 |a volume  |b nc  |2 rdacarrier 
500 |a Includes index. 
650 0 |a Nuclear weapons. 
651 0 |a Middle East  |x Military policy. 
700 1 |a Krosney, Herbert. 
999 |a MARS 
999 f f |s 7dc8b61a-8cb0-3d29-a33f-3f0edcff194b  |i d7114ff7-ab8d-3510-ba1a-16120385bb88  |t 0 
952 f f |p ric  |a Texas A&M University  |b Rellis Campus  |c Joint Library Facility  |d Remote Storage  |t 0  |e UA830 .W46 1981  |h Library of Congress classification  |i unmediated -- volume  |m A14806260964 
998 f f |a UA830 .W46 1981  |t 0  |l Remote Storage